Salt water aquarium.

Bibliographic Details
Format: Journal
Language:English
Published: [Miami, Fla.], [Coral Reefs Exhibits]
Subjects:
Online Availability: Check for online availability

MARC

Tag First Indicator Second Indicator Subfields
LEADER 00000cas a2200000 4500
001 in00000062399
005 20240213161751.0
008 760709d19651973flubr p 0 a0eng
010 |a  76641792  
012 |a 4  |e n  |i 8511 
022 |a 0581-4006  |l 0581-4006  |2 1 
029 1 |a AU@  |b 000025203207 
035 |a (OCoLC)ocm02304217  
035 |a (OCoLC)2304217 
035 |a (OCoLC)ocm02304217  
040 |a DLC  |b eng  |c DLC  |d NSD  |d DLC  |d IUL  |d OCLCQ  |d OCLCO  |d OCLCF  |d OCLCO  |d OCLCQ 
042 |a pcc  |a nsdp 
050 0 0 |a SF456  |b .S27 
082 0 |a 639/.34 
222 0 |a Salt water aquarium 
245 0 0 |a Salt water aquarium. 
260 |a [Miami, Fla.],  |b [Coral Reefs Exhibits] 
300 |a 9 volumes  |b illustrations  |c 23 cm 
310 |a Bimonthly 
336 |a text  |b txt  |2 rdacontent 
337 |a unmediated  |b n  |2 rdamedia 
338 |a volume  |b nc  |2 rdacarrier 
362 0 |a v. 1-9; Jan./Feb. 1965-73. 
650 0 |a Marine aquariums  |v Periodicals. 
650 0 |a Marine biology  |v Periodicals. 
650 0 |a Public marine aquariums  |v Periodicals. 
650 7 |a Marine aquariums.  |2 fast  |0 (OCoLC)fst01009416 
650 7 |a Marine biology.  |2 fast  |0 (OCoLC)fst01009447 
650 7 |a Public marine aquariums.  |2 fast  |0 (OCoLC)fst01715939 
655 7 |a Periodicals.  |2 fast  |0 (OCoLC)fst01411641 
776 0 8 |i Online version:  |t Salt water aquarium  |w (OCoLC)654589299 
850 |a InU 
936 |a Nov./Dec. 1971 
948 |h NO HOLDINGS IN TXA - 25 OTHER HOLDINGS 
994 |a Z0  |b TXA 
999 f f |s 0b281f4b-15ca-3bb1-b0fa-02ea1ab83331  |i 3ac72f98-77c7-393c-afa3-0ecc7245d823  |t 0 
952 f f |p ric  |a Texas A&M University  |b Rellis Campus  |c Joint Library Facility  |d Remote Storage  |t 0  |e SF457.1 .S2  |h Library of Congress classification  |i unmediated -- volume  |k v.8:no.2-3,6  |l 1972  |m A14851443706 
952 f f |p ric  |a Texas A&M University  |b Rellis Campus  |c Joint Library Facility  |d Remote Storage  |t 0  |e SF457.1 .S2  |h Library of Congress classification  |i unmediated -- volume  |k v.7  |l 1971  |m A14813833215 
952 f f |p ric  |a Texas A&M University  |b Rellis Campus  |c Joint Library Facility  |d Remote Storage  |t 0  |e SF457.1 .S2  |h Library of Congress classification  |i unmediated -- volume  |k v.5  |l 1969  |m A14851443656 
952 f f |p ric  |a Texas A&M University  |b Rellis Campus  |c Joint Library Facility  |d Remote Storage  |t 0  |e SF457.1 .S2  |h Library of Congress classification  |i unmediated -- volume  |k v.3  |l 1967  |m A14851443649 
952 f f |p ric  |a Texas A&M University  |b Rellis Campus  |c Joint Library Facility  |d Remote Storage  |t 0  |e SF457.1 .S2  |h Library of Congress classification  |i unmediated -- volume  |k v.1:no.3  |l 1965:May-June  |m A14812161720 
952 f f |p ric  |a Texas A&M University  |b Rellis Campus  |c Joint Library Facility  |d Remote Storage  |t 0  |e SF457.1 .S2  |h Library of Congress classification  |i unmediated -- volume  |k v.6  |l 1970  |m A14851443698 
952 f f |p ric  |a Texas A&M University  |b Rellis Campus  |c Joint Library Facility  |d Remote Storage  |t 0  |e SF457.1 .S2  |h Library of Congress classification  |i unmediated -- volume  |k v.9:no.3  |l 1973  |m A14812161770 
952 f f |p ric  |a Texas A&M University  |b Rellis Campus  |c Joint Library Facility  |d Remote Storage  |t 0  |e SF457.1 .S2  |h Library of Congress classification  |i unmediated -- volume  |k v.4:no.1-3,5-6  |l 1968  |m A14821432845 
952 f f |p ric  |a Texas A&M University  |b Rellis Campus  |c Joint Library Facility  |d Remote Storage  |t 0  |e SF457.1 .S2  |h Library of Congress classification  |i unmediated -- volume  |k v.2  |l 1966  |m A14851443631 
998 f f |a SF457.1 .S2  |s v.9:no.3 (1973)  |t 0  |l Remote Storage